00918nam a22002057a 450000500170000000800410001702000180005808200190007624501060009525000120020126000370021330000360025049000130028650000510029965000260035070000190037699900170039595201500041295201500056220260505132918.0260505b |||||||| |||| 00| 0 eng d a9780702069307 a616.07561bDAE aDacie and Lewis Practical Haematology/c[edited by] S. Mitchell Lewis, Barbara J. Bain, Imelda Bates. a12th.ed aPhiladelphia :bElsevier,c2017. aix, 585 p. : col. ill. ; 26 cm. v12 th.ed aIncludes bibliographical references and index. aMedical / Haematology aBarbara J. Bai c37176d37176 001040708Faculty of Medical SciencesaSIRCbSIRCcHaematology (D-L)d2026-05-05l0o616.075 DAC 2017p29945r2026-05-05t1w2026-05-05yBKYBK 001040708Faculty of Medical SciencesaSIRCbSIRCcHaematology (D-L)d2026-05-05l0o616.075 DAC 2017p29946r2026-05-05t2w2026-05-05yBKYBK